Statistics for Latin Translations of the Seven Deadly Sins

Click here to take the quiz!

General Stats

  • This quiz has been taken 62 times
  • The average score is 5 of 7

Answer Stats

LatinEnglish% Correct
GulaGluttony
80%
LuxuriaLust
80%
AcediaSloth
78%
InvidiaEnvy
71%
AvaritiaGreed
71%
SuperbiaPride
71%
IraWrath
69%

Score Distribution

Percentile by Number Answered

Percent of People with Each Score

Your Score History

You have not taken this quiz